Down to dusk / (Record no. 77869)

MARC details
000 -LEADER
fixed length control field 00507nam a22001817a 4500
005 - DATE AND TIME OF LATEST TRANSACTION
control field 20130722143507.0
010 ## - LCCN (DPL NO)
LC control number ENG-108116
020 ## - INTERNATIONAL STANDARD BOOK NUMBER
Terms of availability 200.00
International Standard Book Number 9788173414770
035 ## - SYSTEM CONTROL NUMBER
System control number EN-91649
037 ## - SOURCE OF ACQUISITION
Source of stock number/acquisition DBAD/PUB
082 ## - DEWEY DECIMAL CLASSIFICATION NUMBER
Classification number 821
100 ## - MAIN ENTRY--PERSONAL NAME
Personal name Bhatnagar, Mahendra
245 00 - TITLE STATEMENT
Title Down to dusk /
Statement of responsibility, etc by Mahendra Bhatnagar
260 ## - PUBLICATION, DISTRIBUTION, ETC. (IMPRINT)
Place of publication, distribution, etc Delhi
Name of publisher, distributor, etc Indian Publishers' Distributors
Date of publication, distribution, etc 2011
270 ## - ADDRESS
Address 156-D, Kamla Nagar
City Delhi
Postal code 110007
300 ## - PHYSICAL DESCRIPTION
Extent 173p.
Dimensions 18cm(Hb)
942 ## - ADDED ENTRY ELEMENTS (KOHA)
Source of classification or shelving scheme Dewey Decimal Classification
Item type English Books
Call number suffix BHA
Classification part 821
Holdings
Withdrawn status Lost status Not for loan Collection code Home library Current library Date acquired Source of acquisition Cost, normal purchase price Full call number Barcode Copy number Cost, replacement price Koha item type
    Not For Loan Fiction D.B.Act.Division D.B.Act.Division 22/07/2013 DBAD/PUB 200.00 821 BHA EN-91649 1 200.00 English Books

© Delhi Public Library
Hit Counter
free hit counter